| 000 | 00647nam a22002177a 4500 | ||
|---|---|---|---|
| 003 | ITZ | ||
| 005 | 20231122142347.0 | ||
| 008 | 231122b |||||||| |||| 00| 0 spa d | ||
| 020 | _a978-968-24-7540-5 | ||
| 035 | _a17599 | ||
| 041 | _aspa | ||
| 050 |
_aHD62 _bM85 2006 |
||
| 082 |
_a658.568 _bM482m 2006 |
||
| 100 | 1 | _aMünch Galindo Lourdes | |
| 245 |
_aMás allá de la exelencia y la calidad _cLourdes Münch Galindo |
||
| 250 | _a3°a ed. | ||
| 260 |
_aMéxico _bTrillas _c2006 (reimp 2014) |
||
| 300 |
_a292 p., il. / _c23 cm. |
||
| 650 | _a1. CALIDAD TOTAL / 2. INDUSTRIA - ADMINISTRACION / 3. TRABAJO - PRODUCTIVIDAD | ||
| 942 | _cBK | ||
| 999 |
_c29208 _d29208 |
||